Vyšetrení žaludeční sekrece

Bibliographic Details
Main Authors: Pelikán, Vladimír, 1916- (Author), Placer, Zdeněk, 1928- (Author)
Corporate Author: Univerzita Palackého v Olomouci (Author)
Format: Book
Language:Undetermined
Czech
PhysicalDescription:155 s. graf., tab. 24 cm
Published: Praha Státní pedagogické nakladatelství 1959
Edition:1. vyd.
Series:Acta Universitatis Palackianae Olomucensis
Subjects:

MARC

LEADER 00000cam a2200000 a 4500
001 vtls001413472
003 SK-MaSNL
005 20260302035125.0
008 010518s1959 xr dk f 00000 und
035 |a SNK000368195 
040 |a SNK  |b slo  |c SNK  |e AACR2 
041 |a cze  |b eng  |b fre  |b ger  |b rus 
044 |a xr  |c CZ 
072 7 |a 616  |x Patológia. Klinická medicína  |2 konspekt 
080 |a 616.32/.37  |2 2011 
080 |a 612.32  |2 2011 
080 |a 616-07  |2 2011 
080 |a (048.8)  |2 2011 
100 1 |a Pelikán, Vladimír,  |d 1916-  |4 aut  |9 112489 
245 1 0 |a Vyšetrení žaludeční sekrece  |c Vladimír Pelikán, Zdeněk Placer 
250 |a 1. vyd. 
260 |a Praha  |b Státní pedagogické nakladatelství  |c 1959 
300 |a 155 s.  |b graf., tab.  |c 24 cm 
366 |e 500 výt. 
490 1 |a Acta Universitatis Palackianae Olomucensis  |v r. 1959, sv. 17 
500 |a Brož. 
500 |a Vydala Palackého universita v Olomouci ve Státním pedagogickém nakladatelství 
500 |a Na obale súbežné názvy v ang., franc., nem. a ruš. 
504 |a Obsah. bibliograf. 
546 |a Ang., franc., nem. a rus. resumé 
650 0 7 |a gastroenterológia  |2 SNKPH  |9 1164 
650 0 7 |a žalúdok  |2 SNKPH  |9 21056 
650 0 7 |a lekárske vyšetrenia  |2 SNKPH  |9 81944 
650 0 7 |a Gastroenterology  |2 SNKPHeng  |9 267565 
650 0 7 |a Stomach  |2 SNKPHeng  |9 505403 
650 0 7 |a Medical examinations  |2 SNKPHeng  |9 358581 
655 7 |a štúdie  |2 SNKPH  |9 57033 
655 7 |a Studies  |2 SNKPHeng  |9 265573 
700 1 |a Placer, Zdeněk,  |d 1928-  |4 aut  |9 687585 
710 2 |a Univerzita Palackého v Olomouci  |4 aut  |9 110339 
830 0 |a Acta Universitatis Palackianae Olomucensis  |9 386413 
852 |a Štátna vedecká knižnica v Banskej Bystrici 
999 |c 1069344  |d 1071274 
952 |t P60, <04>, [BOOK], {604}  |a SNK  |b SNK  |y NEVYP  |7 0  |p 17A0301948  |o snkIC 23927 D1  |0 0  |1 1  |4 0  |d 2001-05-18  |l 0  |r 2005-01-02 00:00:00  |w 2026-02-24